000 00512nam a2200193Ia 4500
003 OSt
005 20260223120120.0
008 250729s2005 xx 000 0 und d
040 _cAL
041 _akan
082 _a494.507 KONB
100 _aಕೊಂಗವಾಡ ಎನ್ ಬಿ
_9229472
245 _aಭಾಷೆ ಮತ್ತು ಕನ್ನಡ ಬೋಧನೆ
260 _aಗದಗ
_c2005
300 _a503p
650 _aKannada
_9229473
700 _aRao Digumurthi
_9229474
942 _2ddc
_cBED
999 _c238343
_d238343